000 01124nam a2200313 c 4500
999 _c397419
_d397419
003 BLK
005 20250627095707.0
008 180413b bul|||||r ||||||| ||bul||
010 _aKNG00029399000
020 _a9786190107507
040 _aBLK
041 _aBUL
_cBUL
080 _aМеждународни политически отношения. Световна политика. Международна политика. Дипломация
_b327
_z327
100 _aТодоров, Калин Станков
_eпърви автор
_91299
139 _aТодоров, Калин
_bТ 64
245 1 0 _aЗад завесата: Големия брат
_cКалин Тодоров.
257 _aBGR
260 _aСофия
_bИзток - Запад
_c2020
300 _a136 с.
_c20 см
380 _a3
650 0 _9254556
_aМеждународна политика
651 7 _9178684
_aБългария
651 7 _9179465
_aРусия
856 4 _qpdf
_u
856 4 _qpdf
_u
942 _cKNG
_n0
_s1
_025
944 _aCR
_c2021-02-08
_k30531
_lЦветелина Шанова
999 _d397419